|
|
|
|
| LEADER |
00000nas a2200000 i 4500 |
| 001 |
ssj0001485348 |
| 003 |
WaSeSS |
| 005 |
20200512172242.0 |
| 006 |
m d |
| 007 |
cr n |
| 008 |
140812c20149999enkfr s 0 0eng c |
| 010 |
|
|
|a 2015252269
|
| 015 |
|
|
|a GBB486539
|2 bnb
|
| 016 |
7 |
|
|a 016506771
|2 Uk
|
| 022 |
|
|
|a 2053-9517
|l 2053-9517
|
| 035 |
|
|
|a (WaSeSS)ssj0001485348
|
| 040 |
|
|
|a AU@
|b eng
|e pn
|c AU@
|d LND
|d OCLCO
|d WAU
|d COO
|d OCLCO
|d CUS
|d OCLCA
|d OCLCQ
|d OCLCO
|d OCLCQ
|d NLE
|d OCLCF
|d KSU
|d UKMGB
|d UAB
|d VT2
|d OCLCO
|d U3W
|d DLC
|d WaSeSS
|
| 042 |
|
|
|a pcc
|
| 050 |
0 |
0 |
|a QA76.9.B45
|
| 222 |
|
0 |
|a Big data & society
|
| 245 |
0 |
0 |
|a Big data & society
|h [electronic resource].
|
| 246 |
1 |
3 |
|a BD & S
|
| 246 |
3 |
|
|a Big data and society
|
| 260 |
|
|
|a London :
|b SAGE Publications,
|c 2014-
|
| 310 |
|
|
|a Semiannual
|
| 506 |
|
|
|a License restrictions may limit access.
|
| 588 |
|
|
|a Description based on: 1, 1 (April/June 2014); title from HTML contents (publisher's Web site, viewed June 1, 2015).
|
| 588 |
|
|
|a Latest issue consulted: Vol. 6, issue 2 (July/Dec. 2019) (viewed June 14, 2019).
|
| 650 |
|
0 |
|a Big data
|x Social aspects
|v Periodicals.
|
| 650 |
|
7 |
|a Big data
|x Social aspects.
|2 fast
|0 (OCoLC)fst01983622
|
| 655 |
|
0 |
|a Electronic journals.
|
| 850 |
|
|
|a DLC
|
| 856 |
4 |
0 |
|z Full text available from Research Library: 01/01/2018 to present
|u https://search.proquest.com/publication/4450820
|